| 000 | 00715nam a22002057a 4500 | ||
|---|---|---|---|
| 999 |
_c215964 _d215964 |
||
| 005 | 20251208141644.0 | ||
| 008 | 251208b ||||| |||| 00| 0 eng d | ||
| 020 | _a9787107335976(paperback) | ||
| 040 |
_aLC _cUNZA _eRDA |
||
| 050 |
_aLB 1050 HAP _b2019 |
||
| 245 |
_aHappy Reading Corner, Classic Literature Reading Curriculum Series Second Grade/ Vol.1 : _bA cat that wants to fly / _cEdited by Cao Wenxuan and Chen Xianyun |
||
| 250 |
_aFirst edition / _bChi |
||
| 260 |
_aBeijing : _bPeople's Education Press, _c2019 |
||
| 300 |
_a111 pages : _bcol. illustrations _c23 cm |
||
| 336 | _aText | ||
| 337 | _aUnmediated | ||
| 338 | _aVolume | ||
| 650 |
_aChinese _xClassic Literature _xLiterature |
||
| 942 | _cBOOK | ||